Infaestructura.

Guardado en:
Formato: Deslizar
Series:Encrucijadas 2000
Materias:
Etiquetas: Agregar Etiqueta
Sin Etiquetas, Sea el primero en etiquetar este registro!
LEADER 00894ngm a22002295g 4500
001 CEM.cems022550
008 130507b2001##################0###0#####d
005 20241106170958.0
245 0 0 |a Infaestructura. 
300 |a 24'. 
490 0 |a Encrucijadas 2000 
500 |a En soporte VHS, consultar en ventanilla. 
505 0 |a La infraestructura en manos privadas. Los servicios públicos en manos de las empresas privatizadas y la falta de un marco regulatorio. Las tarifas desproporcionadas. Las privatizaciones. Empresas monopólicas. 
538 |a Soporte: VHS - Norma: Pal N - Color: Si - Grabación DRD 2001 - Hitachi=4690 
082 3 0 |/ TIE 
653 |a INFRAESTRUCTURA 
653 |a SOCIEDAD 
653 |a PRIVATIZACIONES 
653 |a SERVICIOS PUBLICOS 
653 |a MONOPOLIOS 
653 |a NIVEL SECUNDARIO 
859 |a CEMS  |b BIB. CEMS - Depto. Recursos Didacticos  |h 301  |i TIE  |k DRD  |p 1193.12  |t Ej.1